Die 10 gefährlichsten Tiere - Statistiken

Allgemein
  • Dieses Quiz wurde 67 mal gespielt
  • Das Durchschnittsergebnis liegt bei 3 aus 10
Antwortstatistiken
RANG TIER % Korrekt
3. Schlange
83%
9. Krokodil
67%
10. Elefant
48%
7. Skorpion
41%
2. Mensch
28%
4. Hund (Tollwut)
21%
8. Askariden
0%
5. Raubwanze
0%
1. (700.000+) Stechmücke
0%
6. Süßwasserschnecke
0%
Keine übereinstimmenden Quizze gefunden
Verteilung der Resultate
Anzahl Personen mit jedem Resultat
Perzentil nach korrekt beantworteten Fragen
Ihre Resultats-Entwicklung
Sie haben dieses Quiz noch nicht gespielt